Pengenalan kepada internet

Bibliographic Details
Main Author: YEOW
Format: Book
Published: Johor Bahru, Johor : Penerbitan Pelangi , 1997
Subjects:

MARC

LEADER 00000cam a2200000 7i4500
001 0000000149
005 20000717.0
020 0 0 |a 9835010722 
090 0 0 |a 004.678   |b YEO 1997 
100 1 0 |a YEOW   |h Leong Swee 
245 1 0 |a Pengenalan kepada internet   |c Yeow Leong Swee 
260 0 0 |a Johor Bahru, Johor :   |b Penerbitan Pelangi ,   |c 1997 
300 |a vii, 117 p. :   |b ill. ;   |c 23 cm. 
500 0 0 |a Includes index 
650 0 0 |a Internet (Computer network) 
650 0 0 |a Wide area networks (Computer networks) 
999 |a 0000001345   |b Monograph   |c Open Shelf   |e Default branch